Statistics for Random Countries by Bordering Flags

Click here to take the quiz!

General Stats

  • This quiz has been taken 2,591 times
  • The average score is 13 of 16

Answer Stats

Bordering FlagsCountry% Correct
Ireland
99%
Sweden
95%
Canada
94%
Mongolia
94%
Portugal
94%
Russia
93%
San Marino |
Vatican City
93%
Finland
92%
North Korea
92%
Bhutan | Nepal
91%
Cambodia
91%
China
91%
Guyana
91%
Israel
91%
Norway
91%
Qatar
91%
South Korea
91%
Andorra
90%
Belgium
90%
Denmark
90%
India
90%
Lesotho
90%
Mexico
90%
Morocco
90%
United States
90%
Yemen |
United Arab Emirates
90%
Colombia
89%
Italy
89%
Luxembourg | Netherlands
89%
Saudi Arabia
89%
Spain
89%
Uruguay
89%
Venezuela
89%
Brazil
88%
Costa Rica
88%
Greece
88%
Indonesia
88%
Jordan
88%
Paraguay
88%
Armenia
87%
Bangladesh
87%
Belize
87%
Chile
87%
France
87%
Libya
87%
Slovenia
87%
Suriname
87%
Thailand
87%
Turkey
87%
United Kingdom
87%
Bolivia
86%
Czechia
86%
Georgia
86%
Kenya
86%
Lebanon
86%
Liechtenstein
86%
Lithuania
86%
Namibia
86%
Switzerland
86%
Belarus
85%
Botswana
85%
Croatia
85%
Ecuador
85%
Estonia
85%
Haiti
85%
Honduras
85%
Moldova
85%
Peru
85%
Slovakia
85%
Tunisia
85%
Germany
84%
Iraq
84%
Pakistan
84%
Ukraine
84%
Algeria
83%
Eswatini
83%
Ethiopia
83%
Guatemala
83%
Kosovo
83%
Laos
83%
Latvia
83%
Malaysia
83%
Monaco
83%
Montenegro
83%
Myanmar
83%
Panama
83%
Poland
83%
Serbia
83%
Syria
83%
Vietnam
83%
Austria
82%
Iran
82%
Mali
82%
Oman
82%
Somalia
82%
Sudan
82%
Zimbabwe
82%
Bosnia and Herzegovina
81%
Kazakhstan
81%
Kyrgyzstan
81%
Nicaragua
81%
Niger
81%
Bulgaria
80%
Dominican Republic
80%
Egypt
80%
El Salvador
80%
Hungary
80%
Romania
80%
Tajikistan
80%
Afghanistan
79%
D.R. of the Congo
79%
Kuwait
79%
Turkmenistan
79%
Uzbekistan
79%
Argentina
78%
North Macedonia
78%
Albania
77%
East Timor |
Papua New Guinea
77%
Mozambique
77%
Nigeria
77%
Ghana
76%
Mauritania
76%
Azerbaijan
75%
Djibouti
75%
South Africa
75%
South Sudan
75%
Benin
74%
Eritrea
74%
Tanzania
73%
Chad
72%
Gambia
72%
Uganda
70%
Central African Republic
69%
R. of the Congo
69%
Rwanda
69%
Sierra Leone
69%
Zambia
69%
Malawi
68%
Guinea
67%
Burundi
65%
Equatorial Guinea
65%
Togo
65%
Gabon
64%
Liberia
64%
Angola
63%
Cameroon
63%
Ivory Coast
63%
Burkina Faso
62%
Guinea-Bissau
62%
Senegal
62%

Score Distribution

Percentile by Number Answered

Percent of People with Each Score

Your Score History

You have not taken this quiz